| 000 | 01727nam a22001937a 4500 | ||
|---|---|---|---|
| 008 | 170728b xxu||||| |||| 00| 0 eng d | ||
| 020 | _a0879017112 | ||
| 050 | _aQP514.2.L52 | ||
| 100 | _aLehninger, Albert L. | ||
| 245 |
_aPrinciples of biochemistry. / _cAlbert L. Lehninger, David L. Nelson, Michael M. Cox _bwith an extended discussion of oxygen-binding proteins |
||
| 250 | _a2nd ed. | ||
| 260 |
_aNew York: _bWorth Publishers, _c1993. |
||
| 300 |
_axli, 1013 p + various pagings: _bill. (col); _c28cm. |
||
| 500 | _aIncludes a supplement to Chapter 7, a glossary and index. | ||
| 505 | _aContents: I Foundations of biochemistry: The molecular logic of life -- Cells -- Biomolecules -- Water: its effect on disssolved biomolecules -- II Structure and catalysis: Amino acids and peptices -- An introduction to proteins -- The three-dimensional structure of proteins -- Enzymes --Lipids --Biological membranes and transport -- carbohydrates -- Nucleotides and nucleic acids -- III: Bioenergetics and metablism: Principles of bioenergetics -- Glycolysis and the catabolism of heroxes -- The citric acid cycle -- Oxidation of fatty acids -- Amino acid oxidation abd the production of urea ----Carbohydrates biosynthesis -- Lipid biosynthesis -- Biosynthesis of amino acids, nucleotides, and related molecules -- INtegration and hormonal regulation of mammalian metabolism --IV Information pathways: Gens and chromosomes -- DNA metabolism -- RNA metabolism -- Regulation of bene expression -- Recombinant DNA technology -- Supplement to Chapter 7 -- Appendix A: common abbreviations -- Appendix B: Abbreviated solutions to problems -- | ||
| 700 | _aNelson, David L. | ||
| 700 | _a Cox, Michael M. | ||
| 942 |
_2lcc _cBK |
||
| 999 |
_c7273 _d14773 |
||